|
|
|
|
| LEADER |
00000nam2a2200000 4500 |
| 001 |
176097 |
| 005 |
20231031165219.0 |
| 035 |
|
|
|a (RuTPU)RU\TPU\book\190920
|
| 035 |
|
|
|a RU\TPU\book\141529
|
| 090 |
|
|
|a 176097
|
| 100 |
|
|
|a 20100224d1927 k y0rusy50 ca
|
| 101 |
0 |
|
|a rus
|
| 102 |
|
|
|a RU
|
| 105 |
|
|
|a y z 100zy
|
| 200 |
0 |
|
|a Т. 2: Резолюции, постановления и ответы на приветствия
|
| 210 |
|
|
|d 1927
|
| 215 |
|
|
|a 170 с.
|
| 461 |
|
1 |
|0 (RuTPU)RU\TPU\book\190956
|t Труды первого Всесоюзного горного научно-технического съезда, Москва 14-27 апреля 1926 г.
|f СССР, Высший совет народного хозяйства (ВСНХ), Научно-техническое управление, Комиссия по изданию трудов первого Всесоюзного горного научно-технического съезда и горной научно-технической литературы ; под ред. Е. Е. Гендлера
|v Т. 2: Резолюции, постановления и ответы на приветствия
|d 1927-1928
|
| 610 |
1 |
|
|a съезды
|
| 610 |
1 |
|
|a горное дело
|
| 610 |
1 |
|
|a резолюции
|
| 610 |
1 |
|
|a постановления
|
| 610 |
1 |
|
|a научные исследования
|
| 610 |
1 |
|
|a конференции
|
| 610 |
1 |
|
|a Сибирь
|
| 801 |
|
1 |
|a RU
|b 63413507
|c 20080206
|g PSBO
|
| 801 |
|
2 |
|a RU
|b 63413507
|c 20110926
|g PSBO
|
| 942 |
|
|
|c BK
|